<?xml version="1.0" encoding="UTF-8"?>
<marc:record xmlns:marc="http://www.loc.gov/MARC21/slim">
   <marc:leader>00000nam a2200000 a 4500</marc:leader>
   <marc:datafield ind1="1" ind2=" " tag="100">
      <marc:subfield code="a">Philipp, Christine Barbara</marc:subfield>
      <marc:subfield code="4">aut</marc:subfield>
      <marc:subfield code="e">Verfasser/-in</marc:subfield>
   </marc:datafield>
   <marc:datafield ind1=" " ind2=" " tag="653">
      <marc:subfield code="a">Reiseführer</marc:subfield>
   </marc:datafield>
   <marc:datafield ind1=" " ind2=" " tag="653">
      <marc:subfield code="a">Südafrika</marc:subfield>
   </marc:datafield>
   <marc:datafield ind1=" " ind2=" " tag="653">
      <marc:subfield code="a">Kapstadt</marc:subfield>
   </marc:datafield>
   <marc:datafield ind1=" " ind2=" " tag="653">
      <marc:subfield code="a">Afrika</marc:subfield>
   </marc:datafield>
   <marc:datafield ind1=" " ind2=" " tag="653">
      <marc:subfield code="a">Softcover / Reisen/Reiseführer/Afrika</marc:subfield>
   </marc:datafield>
   <marc:datafield ind1=" " ind2=" " tag="653">
      <marc:subfield code="a">Führer</marc:subfield>
   </marc:datafield>
   <marc:datafield ind1="0" ind2="0" tag="245">
      <marc:subfield code="a">Südafrika</marc:subfield>
   </marc:datafield>
   <marc:datafield ind1="0" ind2="0" tag="245">
      <marc:subfield code="c">Christine Philipp</marc:subfield>
   </marc:datafield>
   <marc:datafield ind1=" " ind2="1" tag="264">
      <marc:subfield code="a">Bielefeld</marc:subfield>
      <marc:subfield code="b">Reise Know-How Verlag</marc:subfield>
      <marc:subfield code="c">2018</marc:subfield>
   </marc:datafield>
   <marc:datafield ind1=" " ind2=" " tag="250">
      <marc:subfield code="a">11. aktualisierte Auflage</marc:subfield>
   </marc:datafield>
   <marc:datafield ind1="1" ind2=" " tag="520">
      <marc:subfield code="a">Angaben aus der Verlagsmeldung

Südafrika / von Christine Philipp

Südafrika mit diesem umfassenden Reiseführer von Reise Know-How entdecken:
- Informationen, Routenbeschreibungen und praktische Tipps für eine schöne, gelungene Reise durch alle 9 Provinzen des Landes
- Konzipiert für Aktivreisende, die Südafrika auf eigene Faust kennenlernen wollen
- Ausführliche Beschreibung der Nationalparks und Naturschutzgebiete, Vorschläge für Wanderungen
- Detaillierte Ortsbeschreibungen mit Sehenswürdigkeiten sowie Ausflügen ins Umland
- Unterkünfte von luxuriös bis preiswert: Hotels, Backpackers, Bed &amp; Breakfasts, Camping
- Gastronomie-Tipps, ausgewählte Restaurants, Versorgung unterwegs
- Aktuell recherchierte Adressen und Preise
- Ausführliche Kapitel zu Kapstadt, Krügerpark und Garden Route
- Tipps für Abstecher nach Swaziland, Lesotho und ins südliche Namibia
- Wissenswertes zur Geschichte Südafrikas, zu Land, Leuten und Kultur
- Südafrika preiswert: Tipps für Schüler, Studenten und Backpacker
- 36 Seiten Farbteil zur Tierwelt des südlichen Afrikas
- Mit den neuen südafrikanischen Städte- und Provinznamen. +++++ Ausstattung: 792 Seiten, zahlreiche Abbildungen und s/w-Fotos, über 100 detaillierte Stadtpläne und Karten, farbige Übersichtskarten im Umschlag, Glossar, ausführliches Register, strapazierfähige PUR-Bindung.
</marc:subfield>
   </marc:datafield>
   <marc:datafield ind1=" " ind2=" " tag="020">
      <marc:subfield code="a">9783896626127</marc:subfield>
      <marc:subfield code="9">9783896626127</marc:subfield>
   </marc:datafield>
   <marc:datafield ind1=" " ind2=" " tag="020">
      <marc:subfield code="a">3896626124</marc:subfield>
      <marc:subfield code="9">3896626124</marc:subfield>
   </marc:datafield>
   <marc:datafield ind1=" " ind2=" " tag="041">
      <marc:subfield code="a">ger</marc:subfield>
   </marc:datafield>
   <marc:datafield ind1=" " ind2=" " tag="300">
      <marc:subfield code="a">767 Seiten</marc:subfield>
   </marc:datafield>
</marc:record>
